000 00648nam a2200229Ia 4500
003 OSt
005 20220925200330.0
006 a|||||r|||| 00| 0
007 ta
008 220923b |||||||| |||| 00| 0 eng d
037 _cGeneral Book
040 _aRTL
_cRTL
_beng
041 _2eng
_aeng
082 _aY:677, M8
100 _aKothari Rajni
_997368
245 0 _aRethinking development
_bIn search of humane alternative
260 _aDelhi
_bAjanta Publishers
_c1988
300 _avi,233p
_ccm.
650 _aSocial Development
_9230960
942 _hY:677, M8
_cGB
_2CC
999 _c536224
_d536224